| 000 | 01153nas a2200337 4500 | ||
|---|---|---|---|
| 001 | BR2013002906 | ||
| 003 | BR-BrBNA | ||
| 005 | 20231205122205.0 | ||
| 007 | ta | ||
| 008 | 230509b bl.|||p| |||| 00| 00por d | ||
| 040 |
_aBR-BrBNA _bpor _cBiblioteca Nacional de Agricultura |
||
| 041 | _a(Pt) | ||
| 072 | _aP40; P10 | ||
| 100 | 1 | _aArraes, F.D.D. | |
| 100 | 1 | _aLopes, F.B. | |
| 100 | 1 | _aSouza, F. de | |
| 100 | 1 | _aOliveira, J.B. de | |
| 245 | 1 | _aEstimativa do balanço hídrico para as condições climáticas Iguatu, Ceará, usando modelo estocástico | |
| 246 | 1 | _aEstimating the water balance for the climatic conditions Of Iguatu (Ceará - Brazil)using stochastic model | |
| 650 | _aBALANÇO HÍDRICO | ||
| 650 | _aTEMPERATURA | ||
| 650 | _aCLIMA | ||
| 650 | _aPRECIPITAÇÃO PLUVIAL | ||
| 650 | _aDISPONIBILIDADE DE ÁGUA | ||
| 650 | _aEVAPOTRANSPIRAÇÃO | ||
| 650 | _aMETEOROLOGIA | ||
| 773 | 0 |
_tRevista Brasileira de Agricultura Irrigada (Brazil) _xISSN 1982-7679 _g(2009), v. 3(2) p. 78-87 _wBR2013002906 |
|
| 856 | 4 | 0 | _dLink DSPACE/MAPA BR2013002906 |
| 909 |
_a202311 _bLúcia _c55 _dLúcia Elande |
||
| 942 |
_2AGRIS _n0 _cANA |
||
| 999 |
_c227376 _d227376 |
||